Advanced accounts (Record no. 3791)

000 -LEADER
fixed length control field 00583nam a22002291 4500
001 - CONTROL NUMBER
control field 3791
003 - CONTROL NUMBER IDENTIFIER
control field BD-DhUET
008 - FIXED-LENGTH DATA ELEMENTS--GENERAL INFORMATION
fixed length control field 740123s1966 ii k 000 0 eng
020 ## - INTERNATIONAL STANDARD BOOK NUMBER
International Standard Book Number 8121902789
040 ## - CATALOGING SOURCE
Original cataloging agency DLC
Transcribing agency DLC
Modifying agency BD-DhUET
082 00 - DEWEY DECIMAL CLASSIFICATION NUMBER
Classification number 657
Item number SHU/1999
100 1# - MAIN ENTRY--PERSONAL NAME
Personal name Shukla, M. C.
245 10 - TITLE STATEMENT
Title Advanced accounts
Statement of responsibility, etc. by M. C. Shukla and T. S. Grewal
250 ## - EDITION STATEMENT
Edition statement 14th ed.
260 ## - PUBLICATION, DISTRIBUTION, ETC. (IMPRINT)
Place of publication, distribution, etc. New Delhi
Name of publisher, distributor, etc. S, chand
Date of publication, distribution, etc. 1999
300 ## - PHYSICAL DESCRIPTION
Extent v.p.
Other physical details ill.
Dimensions 25 cm.
504 ## - BIBLIOGRAPHY, ETC. NOTE
Bibliography, etc Includes bibliographies
650 #0 - SUBJECT ADDED ENTRY--TOPICAL TERM
Topical term or geographic name as entry element Accounting
700 ## - ADDED ENTRY--PERSONAL NAME
Personal name Grewal, T. S.
700 ## - ADDED ENTRY--PERSONAL NAME
Personal name Gupta, S. C.
942 ## - ADDED ENTRY ELEMENTS (KOHA)
Koha item type General Book
Holdings
Lost status Sublocation or collection (holding branch) Source of classification or shelving scheme Shelving location Location (home branch) Koha item type Piece designation (barcode) Not for loan Copy number Date acquired Koha date last seen Damaged status Koha normalized classification for sorting Withdrawn status Koha full call number Price effective from
 Central Library, BUET Circulation sectionCentral Library, BUETGeneral Book93656 12014-11-052014-11-05 657SHU1999 657/SHU/19992014-11-05
 Central Library, BUET Circulation sectionCentral Library, BUETGeneral Book93657 22014-11-052014-11-05 657SHU1999 657/SHU/19992014-11-05
 Central Library, BUET Circulation sectionCentral Library, BUETGeneral Book93658 32014-11-052014-11-05 657SHU1999 657/SHU/19992014-11-05
 Central Library, BUET Circulation sectionCentral Library, BUETGeneral Book93659 42014-11-052014-11-05 657SHU1999 657/SHU/19992014-11-05
 Central Library, BUET Circulation sectionCentral Library, BUETGeneral Book93660 52014-11-052014-11-05 657SHU1999 657/SHU/19992014-11-05
 Central Library, BUET Circulation sectionCentral Library, BUETGeneral Book93661 62014-11-052014-11-05 657_000000000000000_SHU_1999 657/SHU/19992014-11-05
 Central Library, BUET Circulation sectionCentral Library, BUETGeneral Book93662 72014-11-052014-11-05 657SHU1999 657/SHU/19992014-11-05
 Central Library, BUET Circulation sectionCentral Library, BUETGeneral Book93655 82014-11-052014-11-05 657_000000000000000_SHU_1999 657/SHU/19992014-11-05
 Central Library, BUET Reading sectionCentral Library, BUETReading Item93654 92015-06-202015-06-20 657_000000000000000_SHU_1999 657/SHU/19992015-06-20
 Central Library, BUET Reading sectionCentral Library, BUETReading Item93653 102015-06-202015-06-20 657_000000000000000_SHU_1999 657/SHU/19992015-06-20